000 00713nam a2200241 a 4500
005 20240910063833.0
008 090622s2005 mx r 000 0 spa d
020 _a8432125822
035 _aUPN01000171340
049 _aCG
050 4 _aPS3513 A7.3
_bS2.8 2005
100 1 _aGates, Doris
245 1 0 _aSauce azul /
_cDoris Gates ; il.de Juan Ramón Alonso ; tr. Carmen Gómez de Agüero.
250 _a6a ed.
260 _aMadrid :
_bRialp,
_c2005.
300 _a173 p.
440 3 _aEl roble centenario ;
_v17.
_pRoja
586 _a"Premio Newbery"
534 _pTítulo original:
_tBlue willow
650 4 _aLiteratura juvenil estadounidense
_912776
650 2 _aInmigrantes
_96073
905 _aLibro
999 _c143445
_d143445